The metaphysical foundations of American history /

Bibliographic Details
Main Author: Van Zandt, Roland
Format: Book
Language:English
Published: 's-Gravenhage : Mouton, 1959.
Subjects:

MARC

Tag First Indicator Second Indicator Subfields
LEADER 00000cam a2200000 a 4500
001 in00000075525
005 20151008053634.0
008 721019s1959 ne a b 00110 engm
010 |a  60004020  
035 |a (OCoLC)00466988 
035 |9 AAH8119AM 
040 |a DLC  |c ASC  |d SER  |d TXA  |d UtOrBLW 
043 |a n-us--- 
049 |a TXAM  |c [1654585] 
050 0 0 |a E175.9  |b .V3 
082 0 |a 973.072 
100 1 |a Van Zandt, Roland. 
245 1 4 |a The metaphysical foundations of American history /  |c by Roland Van Zant. 
264 1 |a 's-Gravenhage :  |b Mouton,  |c 1959. 
300 |a 269 pages :  |b illustrations ;  |c 25 cm. 
336 |a text  |b txt  |2 rdacontent 
337 |a unmediated  |b n  |2 rdamedia 
338 |a volume  |b nc  |2 rdacarrier 
504 |a Includes bibliographical references and index. 
651 0 |a United States  |x History  |x Philosophy. 
999 |a MARS 
999 f f |s a447b641-48dd-3860-b2bd-2f90ae4bd631  |i 6ecfe0b5-b284-319c-80b1-e99899a8551f  |t 0 
952 f f |p ric  |a Texas A&M University  |b Rellis Campus  |c Joint Library Facility  |d Remote Storage  |t 0  |e E175.9 .V3  |h Library of Congress classification  |i unmediated -- volume  |m A14806105245 
998 f f |a E175.9 .V3  |t 0  |l Remote Storage